000 00971nam a22002177a 4500
008 081223t xxu||||| |||| 00| 0 eng d
010 _aENG-92270
020 _c150.00
035 _aEN-75803
037 _bDBAD / PUB
040 _adpl
_bEnglish
082 _a346.5402
245 _aSupreme Court on The Indian Contract Act, 1872 with exhaustive digest of supreme court cases over 700 case citations arranged section wise and with Bare Act /
_cedited by A.R. Gupta [and] Ravinder Kumar
260 _aNew Delhi
_bArcher Publications
_c2005-06
270 _a138, Sector-IV, Pocket B/8, Rohini,
_bNew Delhi
_e110085
300 _a154p.
_c22cm (pbk)
610 _aIndia.
_tIndian Contract Act, 1872.
650 _aContracts
_zIndia
942 _2ddc
_cEN
_mSUP
_h346.5402
999 _c20187
_d20187